Κατάλογος Βιβλιοθηκών Mediterranean College

Διεθνές Εξαγωγικό Μάρκετινγκ. (Record no. 1318)

MARC details
000 -LEADER
fixed length control field 02606cam a22002054a 4500
005 - ΗΜΕΡΟΜΗΝΙΑ ΚΑΙ ΩΡΑ ΤΕΛΕΥΤΑΙΑΣ ΕΝΗΜΕΡΩΣΗΣ
Πεδίο ελέγχου 20250605164005.0
008 - FIXED-LENGTH DATA ELEMENTS--GENERAL INFORMATION
Πεδίο ελέγχου σταθερού μήκους 250528s ||||||||||||||||||||||||d
035 ## - SYSTEM CONTROL NUMBER
System control number 15763
020 ## - ISBN
ISBN 9607306139
040 ## - ΠΗΓΗ ΚΑΤΑΛΟΓΟΓΡΑΦΗΣΗΣ
Φορέας πρωτότυπης καταλογογράφησης MC Athens Campus Library
Γλώσσα καταλογογράφησης Ελληνικά, Μοντέρνα (1453-)
Modifying agency MC Athens Campus Library
Κανόνες περιγραφικής καταλογογράφησης AACR2
245 1# - ΤΙΤΛΟΣ ΚΑΙ ΔΗΛΩΣΗ ΥΠΕΥΘΥΝΟΤΗΤΑΣ
Τίτλος Διεθνές Εξαγωγικό Μάρκετινγκ.
Number of part/section of a work Τόμος I
260 ## - PUBLICATION, DISTRIBUTION, ETC.
Name of publisher, distributor, etc. Α.Σταμουλης,
Date of publication, distribution, etc. 1995
300 ## - PHYSICAL DESCRIPTION
Extent 496
505 0# - FORMATTED CONTENTS NOTE
Formatted contents note Το Διεθνές Μάρκετινγκ και το Σύγχρονο Περιβάλλον, Το Διεθνές Περιβάλλον, Το Διεθνές Πολιτιστικό Περιβάλλον, Το Διεθνές Πολιτικό και Νομικό Περιβάλλον, Η Ανάγκη Πληροφοριών και η Επιτυχής Είσοδος στην Αγορά του Εξωτερικού, Το Σύστημα Πληροφοριών και η Επιτυχής Είσοδος στην Αγορά του Εξωτερικού, Η Εξαγωγική Πρόγνωση και η Επιλογή Μεθόδου Εισόδου στις Αγορές του Εξωτερικου, Το Εξαγωγικό Στρατηγικό Πρόγραμμα Μάρκετινγκ, Η Διεθνής Πολιτική Προιόντος, Η Διεθνής Τιμολογιακή Πολιτική, Η Διεθνής Διαφήμιση - Επικοινωνία, Η Διεθνής Διανομή, Επίλογος, Βιβλιογραφία.
520 ## - SUMMARY, ETC.
Summary, etc. Το Διεθνές Μάρκετινγκ και το Σύγχρονο Περιβάλλον, Το Διεθνές Περιβάλλον, Το Διεθνές Πολιτιστικό Περιβάλλον, Το Διεθνές Πολιτικό και Νομικό Περιβάλλον, Η Ανάγκη Πληροφοριών και η Επιτυχής Είσοδος στην Αγορά του Εξωτερικού, Το Σύστημα Πληροφοριών και η Επιτυχής Είσοδος στην Αγορά του Εξωτερικού, Η Εξαγωγική Πρόγνωση και η Επιλογή Μεθόδου Εισόδου στις Αγορές του Εξωτερικου, Το Εξαγωγικό Στρατηγικό Πρόγραμμα Μάρκετινγκ, Η Διεθνής Πολιτική Προιόντος, Η Διεθνής Τιμολογιακή Πολιτική, Η Διεθνής Διαφήμιση - Επικοινωνία, Η Διεθνής Διανομή, Επίλογος, Βιβλιογραφία.
700 1# - ΠΡΟΣΘΕΤΗ ΑΝΑΓΡΑΦΗ--ΦΥΣΙΚΟ ΠΡΟΣΩΠΟ
Personal name Πανηγυράκης Γεώργιος Γ
9 (RLIN) 1742
942 ## - ADDED ENTRY ELEMENTS (KOHA)
Koha item type Books
Holdings
Τύπος τεκμηρίου Βιβλιοθήκη Τρέχουσα τοποθεσία Barcode Αριθμός εισαγωγής Ημερομηνία απόκτησης Ταξιθετικό σύμβολο Αριθμός αντιτύπου Κατάσταση απόσυρσης Κατάσταση χαμένου Κατάσταση κατεστραμμένου Μη δανεισμός Σύνολο δανεισμών Ημερομηνία τελευταίας εμφάνισης Η τιμή ισχύει από
Books MC Athens Campus Library MC Athens Campus Library 9780000013170 2129 05/06/2025 658.848 PAN V.I 2           05/06/2025 05/06/2025

MC Athens Campus Library
Πατησίων 94 & Κοδριγκτώνος 13, 104 34
Πελλήνης 8 & Πατησίων 107, 112 51
Τ: +30 210 8899600

MC Thessaloniki Campus Library
Ίωνος Δραγούμη 21, 54625 | Ίωνος Δραγούμη 15, 54625
Τ: +30 2310 287779 – Τ: +30 2314 440300